Normal view MARC view
  • World Business Council for Sustainable Development

Entry Corporate Name

Number of records used in: 4

001 - CONTROL NUMBER

  • control field: 4488

003 - CONTROL NUMBER IDENTIFIER

  • control field: SIRSI

005 - DATE AND TIME OF LATEST TRANSACTION

  • control field: 20190806150233.0

008 - FIXED-LENGTH DATA ELEMENTS

  • fixed length control field: 030703n| aaannaabn |n ana d

040 ## - CATALOGING SOURCE

  • Original cataloging agency: OSt
  • Transcribing agency: OSt

110 ## - HEADING--CORPORATE NAME

  • Corporate name or jurisdiction name as entry element: World Business Council for Sustainable Development

670 ## - SOURCE DATA FOUND

  • Source citation: Sustainable Development Reporting